Sanat - "Hiljaisii heeroksii" - Juha Tapio, Ellinoora - Statistics

Yleistilastot
  • Tätä visaa on pelattu 79 kertaa
  • Keskiarvotulos 67 / 85
Vastaustilastot
Vastaus % Oikein
hiljaisii
100%
hiljaisii
100%
hiljaisii
100%
heeroksii
98%
heeroksii
98%
heeroksii
98%
kun
96%
kun
96%
kun
96%
kun
96%
me
96%
me
96%
me
96%
me
96%
lauletaan
94%
lauletaan
94%
lauletaan
94%
lauletaan
94%
laulu
92%
laulu
92%
laulu
92%
laulu
92%
se
92%
se
92%
se
92%
se
92%
ja
90%
ja
90%
ja
90%
ja
90%
kohoaa
90%
kohoaa
90%
kohoaa
90%
kohoaa
90%
korkeuksiin
88%
korkeuksiin
88%
korkeuksiin
88%
korkeuksiin
88%
Melankolisii
83%
Melankolisii
83%
melankolisii
83%
haarniskaa
81%
ilman
81%
ilman
81%
ilman
81%
on
81%
on
81%
on
81%
lämpösii
77%
lämpösii
77%
lämpösii
77%
sankareita
75%
sankareita
75%
viittaa
75%
kaupungissa
71%
viileen
71%
viileen
71%
viileen
71%
meitä
69%
Muurahaisia
69%
tai
69%
tai
69%
saarroksissa
67%
täynnä
67%
ei
65%
kunniaa
65%
pettyneitä
65%
kiitosta
63%
kotimaa
60%
voittajii
60%
kuin
58%
teräskukkia
58%
pysäkit
56%
enemmän
52%
lainkaan
52%
monta
52%
pilkottu
52%
sanotaan
52%
vuodenaikaa
52%
himmeä
50%
rakkautta
50%
valo
50%
Meissä
48%
täällä
48%
parkkipaikaksi
42%
Ehtoja vastaavia visoja ei löytynyt
Tulosjakauma
Jokaisen tuloksen saaneiden osuus
Persentiili vastausten määrän mukaan
Tuloshistoriasi
Et ole pelannut tätä visaa